Statistics for Twilight Saga A - Z

Click here to take the quiz!

General Stats

  • This quiz has been taken 307 times
  • The average score is 15 of 26

Answer Stats

HintAnswer% Correct
A: Fruit on the front cover of book #1Apple
98%
F: Washington town where the story takes placeForks
91%
K: Actress who plays BellaKristen
89%
V: Red-headed vampireVictoria
85%
R: Color of Bella's truck, and her "after" carRed
84%
Y:Christina Perri's "A Thousand ____"Years
82%
P: City in Arizona where Bella moves fromPhoenix
81%
J: Vampire who controls emotionsJasper
79%
B: Jacob's dadBilly Black
77%
S: Author of the seriesStephenie Meyer
75%
G: Alice throws Bella a ______ partyGraduation
64%
U: Sam ______Uley
64%
E: Name Bella wants to name her sonEJ
63%
T: Where Jasper's fromTexas
62%
M: Carlisle's carMercedes
58%
I: Vampire who gets killed by the VolturiIrina
48%
Q: Local werewolf tribeQuileute
47%
Z: Amazonian vampireZafrina
45%
C: Bella's extreme sportCliff diving
43%
L: Bella's mean classmateLauren
43%
W: Angela _____Weber
41%
D: Renee's last nameDwyer
40%
H: Female member of the Volturi guardHeidi
33%
N: ____'s Olympic OutfittersNewton
30%
X: Actor who plays Riley Biers in EclipseXavier Samuel
17%
O: "You pushy, _____, moronic DOG!"Obnoxious
9%

Score Distribution

Percentile by Number Answered

Percent of People with Each Score

Your Score History

You have not taken this quiz